000 00274nam a2200121 a 4500
008 101208s1973|||| d
245 1 0 _aKopernikov svet
100 1 _aBietkowski, H.
260 _bTatran
_aBratislava
_c1973
020 _c50
041 _aslo
044 _axo
_cSK
999 _c14886
_d14886